[Event "European Senior Team Championship 2021"]
[Site "Don Giovanni hotel, Vinohradska 2733, Prague, Czech Republic"]
[Date "2021.09.03"]
[Round "5"]
[Board "4"]
[White "Danek, Pavel"]
[Black "Birkholz, Olga"]
[Result "1/2-1/2"]
[WhiteElo "1870"]
[BlackElo "2018"]
[PlyCount "0"]
[EventDate "2021.08.30"]
[EventType "team"]
[EventRounds "9"]
[EventCountry "ECX"]
[WhiteTeam "SK BOHEMIA PARDUBICE"]
[BlackTeam "GERMANY 1 WOMEN"]

1. d4 {[%clk 1:30:57]} g6 {[%clk 1:30:49]} 2. Nf3 {[%clk 1:31:19]} Bg7
{[%clk 1:31:15]} 3. c3 {[%clk 1:30:54]} b6 {[%clk 1:28:40]} 4. Bg5
{[%clk 1:31:07]} Bb7 {[%clk 1:27:36]} 5. Nbd2 {[%clk 1:31:14]} h6
{[%clk 1:25:56]} 6. Bf4 {[%clk 1:29:18]} Nf6 {[%clk 1:20:54]} 7. h3
{[%clk 1:29:28]} d6 {[%clk 1:20:35]} 8. e3 {[%clk 1:29:37]} Nbd7 {[%clk 1:16:20]}
9. Qc2 {[%clk 1:28:48]} c5 {[%clk 1:13:10]} 10. Bd3 {[%clk 1:27:44]} Qc7
{[%clk 1:07:10]} 11. O-O {[%clk 1:23:50]} O-O {[%clk 1:01:36]} 12. Rad1
{[%clk 1:10:56]} Rac8 {[%clk 1:00:01]} 13. a3 {[%clk 1:09:43]} Rfe8
{[%clk 1:00:07]} 14. Rfe1 {[%clk 1:06:49]} Qd8 {[%clk 0:57:46]} 15. Bg3
{[%clk 0:59:33]} Rf8 {[%clk 0:49:11]} 16. e4 {[%clk 0:47:17]} cxd4
{[%clk 0:47:21]} 17. Nxd4 {[%clk 0:44:57]} Nh5 {[%clk 0:36:47]} 18. Ne2
{[%clk 0:44:42]} Nxg3 {[%clk 0:33:18]} 19. Nxg3 {[%clk 0:42:26]} Be5
{[%clk 0:29:46]} 20. Ne2 {[%clk 0:41:45]} Nc5 {[%clk 0:29:19]} 21. Bc4
{[%clk 0:38:23]} e6 {[%clk 0:22:18]} 22. Ba2 {[%clk 0:35:30]} g5 {[%clk 0:13:21]}
23. f3 {[%clk 0:33:17]} b5 {[%clk 0:12:10]} 24. Nb3 {[%clk 0:30:28]} Nd7
{[%clk 0:08:09]} 25. Nbd4 {[%clk 0:25:28]} Qb6 {[%clk 0:06:37]} 26. Kh1
{[%clk 0:24:09]} Kh8 {[%clk 0:06:02]} 27. Qd2 {[%clk 0:21:40]} Bf6
{[%clk 0:04:52]} 28. Ng3 {[%clk 0:17:20]} Be7 {[%clk 0:03:56]} 29. Nh5
{[%clk 0:09:27]} Qc5 {[%clk 0:02:59]} 30. Bxe6 {[%clk 0:08:53]} fxe6
{[%clk 0:03:20]} 31. Nxe6 {[%clk 0:09:20]} Qe5 {[%clk 0:02:41]} 32. Nxf8
{[%clk 0:08:25]} Bxf8 {[%clk 0:02:16]} 33. Qd4 {[%clk 0:05:58]} Kh7
{[%clk 0:02:20]} 34. Qxe5 {[%clk 0:05:48]} Nxe5 {[%clk 0:02:49]} 35. Ng3
{[%clk 0:05:09]} Kg6 {[%clk 0:02:49]} 36. Nf1 {[%clk 0:02:33]} a6
{[%clk 0:03:04]} 37. Ne3 {[%clk 0:02:14]} Nc4 {[%clk 0:03:14]} 38. Re2
{[%clk 0:01:47]} Nxe3 {[%clk 0:03:23]} 39. Rxe3 {[%clk 0:02:15]} Kf6
{[%clk 0:03:42]} 40. Red3 {[%clk 0:01:14]} Ke5 {[%clk 0:01:32]} 41. Kg1
{[%clk 0:28:46]} Rc7 {[%clk 0:27:27]} 42. Kf2 {[%clk 0:27:34]} Rf7
{[%clk 0:27:26]} 43. Ke3 {[%clk 0:26:58]}  1/2-1/2

[Event "European Senior Team Championship 2021"]
[Site "Don Giovanni hotel, Vinohradska 2733, Prague, Czech Republic"]
[Date "2021.09.03"]
[Round "5"]
[Board "1"]
[White "Bartos, Jan"]
[Black "Stohl, Igor"]
[Result "1/2-1/2"]
[WhiteElo "2112"]
[BlackElo "2462"]
[PlyCount "0"]
[EventDate "2021.08.30"]
[EventType "team"]
[EventRounds "9"]
[EventCountry "ECX"]
[WhiteTeam "SK SLAVOJ LITOMERICE"]
[BlackTeam "SLOVAKIA"]

1. d4 {[%clk 1:30:58]} Nf6 {[%clk 1:30:47]} 2. c4 {[%clk 1:30:59]} e6
{[%clk 1:30:59]} 3. Nc3 {[%clk 1:31:25]} Bb4 {[%clk 1:31:11]} 4. Qc2
{[%clk 1:31:45]} c5 {[%clk 1:30:16]} 5. dxc5 {[%clk 1:31:55]} Bxc5
{[%clk 1:29:52]} 6. Nf3 {[%clk 1:32:11]} Qb6 {[%clk 1:29:10]} 7. e3
{[%clk 1:32:34]} Qc7 {[%clk 1:28:39]} 8. Be2 {[%clk 1:32:44]} a6 {[%clk 1:28:04]}
9. O-O {[%clk 1:32:51]} O-O {[%clk 1:27:40]} 10. b3 {[%clk 1:32:27]} Be7
{[%clk 1:20:52]} 11. Bb2 {[%clk 1:32:09]} d6 {[%clk 1:20:52]} 12. Rac1
{[%clk 1:32:02]} Nbd7 {[%clk 1:19:02]} 13. Rfd1 {[%clk 1:31:01]} b6
{[%clk 1:18:47]} 14. Qb1 {[%clk 1:27:54]} Bb7 {[%clk 1:18:19]} 15. Ng5
{[%clk 1:22:02]} h6 {[%clk 1:07:36]} 16. Nge4 {[%clk 1:22:18]} Nc5
{[%clk 1:07:27]} 17. Bf3 {[%clk 1:16:37]} Nfxe4 {[%clk 0:57:31]}  1/2-1/2

[Event "European Senior Team Championship 2021"]
[Site "Don Giovanni hotel, Vinohradska 2733, Prague, Czech Republic"]
[Date "2021.09.03"]
[Round "5"]
[Board "2"]
[White "Mrva, Martin"]
[Black "Kozak, Milos"]
[Result "1-0"]
[WhiteElo "2387"]
[BlackElo "2103"]
[PlyCount "0"]
[EventDate "2021.08.30"]
[EventType "team"]
[EventRounds "9"]
[EventCountry "ECX"]
[WhiteTeam "SLOVAKIA"]
[BlackTeam "SK SLAVOJ LITOMERICE"]

1. e4 {[%clk 1:30:56]} c6 {[%clk 1:30:45]} 2. Nc3 {[%clk 1:30:49]} d5
{[%clk 1:31:04]} 3. Nf3 {[%clk 1:31:13]} Bg4 {[%clk 1:31:21]} 4. h3
{[%clk 1:30:48]} Bxf3 {[%clk 1:31:26]} 5. Qxf3 {[%clk 1:31:13]} e6
{[%clk 1:31:34]} 6. g3 {[%clk 1:30:41]} Bc5 {[%clk 1:30:22]} 7. Bg2
{[%clk 1:28:08]} Ne7 {[%clk 1:30:33]} 8. O-O {[%clk 1:27:10]} O-O
{[%clk 1:22:06]} 9. Rb1 {[%clk 1:26:24]} a5 {[%clk 1:21:07]} 10. b3
{[%clk 1:25:24]} Na6 {[%clk 1:15:08]} 11. Bb2 {[%clk 1:24:49]} Nb4
{[%clk 1:01:33]} 12. exd5 {[%clk 1:12:19]} exd5 {[%clk 0:59:36]} 13. Ne2
{[%clk 1:11:56]} Qd6 {[%clk 0:51:29]} 14. d4 {[%clk 1:04:47]} Ba7
{[%clk 0:50:15]} 15. Ba3 {[%clk 1:05:06]} Qd7 {[%clk 0:48:07]} 16. c3
{[%clk 1:04:15]} Na6 {[%clk 0:48:07]} 17. Nf4 {[%clk 1:03:58]} Rfe8
{[%clk 0:45:56]} 18. h4 {[%clk 1:02:44]} Bb8 {[%clk 0:39:22]} 19. Bh3
{[%clk 0:49:40]} Qd8 {[%clk 0:39:34]} 20. h5 {[%clk 0:49:43]} Bd6
{[%clk 0:35:38]} 21. Bc1 {[%clk 0:44:56]} h6 {[%clk 0:30:16]} 22. c4
{[%clk 0:41:36]} Nb8 {[%clk 0:26:14]} 23. c5 {[%clk 0:35:24]} Bc7 24. b4
{[%clk 0:35:45]} axb4 {[%clk 0:23:14]} 25. Rxb4 b6 26. cxb6 {[%clk 0:35:48]} Bxb6
{[%clk 0:22:48]} 27. Nd3 {[%clk 0:28:07]} Bc7 28. Ne5 Bxe5 {[%clk 0:15:51]} 29.
dxe5 {[%clk 0:28:31]} Nd7 {[%clk 0:14:32]} 30. e6 {[%clk 0:22:32]} fxe6
{[%clk 0:13:08]} 31. Bxe6+ {[%clk 0:21:38]} Kh8 32. Bxh6 {[%clk 0:17:48]} gxh6
{[%clk 0:13:18]} 33. Qc3+ {[%clk 0:18:02]} Kh7 {[%clk 0:13:21]} 34. Rg4
{[%clk 0:18:21]}  1-0

[Event "European Senior Team Championship 2021"]
[Site "Don Giovanni hotel, Vinohradska 2733, Prague, Czech Republic"]
[Date "2021.09.03"]
[Round "5"]
[Board "3"]
[White "Sura, Jaroslav"]
[Black "Plachetka, Jan"]
[Result "1/2-1/2"]
[WhiteElo "2004"]
[BlackElo "2307"]
[PlyCount "0"]
[EventDate "2021.08.30"]
[EventType "team"]
[EventRounds "9"]
[EventCountry "ECX"]
[WhiteTeam "SK SLAVOJ LITOMERICE"]
[BlackTeam "SLOVAKIA"]

1. e4 {[%clk 1:30:57]} e5 {[%clk 1:30:41]} 2. Nf3 {[%clk 1:31:22]} Nc6
{[%clk 1:31:05]} 3. d4 {[%clk 1:30:23]} exd4 {[%clk 1:31:29]} 4. Nxd4
{[%clk 1:30:48]} Bc5 {[%clk 1:31:37]} 5. Nb3 {[%clk 1:31:10]} Be7
{[%clk 1:31:04]} 6. Nc3 {[%clk 1:30:35]} Nf6 {[%clk 1:30:50]} 7. Be2
{[%clk 1:29:43]} d6 {[%clk 1:21:47]} 8. O-O {[%clk 1:29:07]} O-O {[%clk 1:21:58]}
9. f4 {[%clk 1:29:07]} Re8 {[%clk 1:21:05]} 10. Bf3 {[%clk 1:22:17]} Bf8
{[%clk 1:19:22]} 11. Kh1 {[%clk 1:18:26]} a5 {[%clk 1:15:27]} 12. a4
{[%clk 1:12:19]} Bd7 {[%clk 1:14:12]} 13. g4 {[%clk 1:10:50]} h6 {[%clk 1:13:30]}
14. Rg1 {[%clk 1:02:15]}  1/2-1/2

[Event "European Senior Team Championship 2021"]
[Site "Don Giovanni hotel, Vinohradska 2733, Prague, Czech Republic"]
[Date "2021.09.03"]
[Round "5"]
[Board "4"]
[White "Motuz, Karol"]
[Black "Vydra, Jaroslav"]
[Result "1-0"]
[WhiteElo "2323"]
[BlackElo "1568"]
[PlyCount "0"]
[EventDate "2021.08.30"]
[EventType "team"]
[EventRounds "9"]
[EventCountry "ECX"]
[WhiteTeam "SLOVAKIA"]
[BlackTeam "SK SLAVOJ LITOMERICE"]

1. d4 {[%clk 1:30:57]} d5 {[%clk 1:30:52]} 2. c4 {[%clk 1:31:23]} c6
{[%clk 1:31:13]} 3. Nf3 {[%clk 1:31:42]} Nf6 {[%clk 1:31:36]} 4. Nc3
{[%clk 1:30:50]} e6 {[%clk 1:31:32]} 5. Bg5 {[%clk 1:31:03]} Be7 {[%clk 1:31:47]}
6. e3 {[%clk 1:31:25]} Nbd7 {[%clk 1:31:49]} 7. Qc2 {[%clk 1:31:16]} b6
{[%clk 1:31:58]} 8. Bd3 {[%clk 1:30:26]} Bb7 {[%clk 1:30:41]} 9. O-O
{[%clk 1:29:31]} O-O {[%clk 1:30:51]} 10. Rad1 {[%clk 1:27:42]} h6
{[%clk 1:27:43]} 11. Bh4 {[%clk 1:26:45]} Re8 {[%clk 1:26:04]} 12. a3
{[%clk 1:21:09]} dxc4 {[%clk 1:23:36]} 13. Bxc4 {[%clk 1:21:15]} b5
{[%clk 1:22:51]} 14. Ba2 {[%clk 1:21:14]} Qb6 {[%clk 1:22:25]} 15. Ne5
{[%clk 1:05:25]} Nxe5 {[%clk 1:15:26]} 16. dxe5 {[%clk 1:05:25]} Nd5
{[%clk 1:15:47]} 17. Bxe7 {[%clk 1:04:03]} Nxe7 {[%clk 1:15:11]} 18. Ne4
{[%clk 1:02:36]} Red8 {[%clk 1:13:23]} 19. Nc5 {[%clk 0:59:59]} a5
{[%clk 1:08:00]} 20. Rd6 {[%clk 0:53:45]} Nf5 {[%clk 1:02:04]} 21. Rxd8+
{[%clk 0:44:22]} Rxd8 {[%clk 0:58:39]} 22. Nxe6 {[%clk 0:43:07]} Nxe3
{[%clk 0:58:05]} 23. fxe3 {[%clk 0:43:18]} Qxe3+ {[%clk 0:58:03]} 24. Kh1
{[%clk 0:42:17]} fxe6 {[%clk 0:38:33]} 25. Bb1 {[%clk 0:42:21]}  1-0

[Event "European Senior Team Championship 2021"]
[Site "Don Giovanni hotel, Vinohradska 2733, Prague, Czech Republic"]
[Date "2021.09.04"]
[Round "6"]
[Board "1"]
[White "Langner, Ladislav"]
[Black "Stohl, Igor"]
[Result "1/2-1/2"]
[WhiteElo "2380"]
[BlackElo "2462"]
[PlyCount "0"]
[EventDate "2021.08.30"]
[EventType "team"]
[EventRounds "9"]
[EventCountry "ECX"]
[WhiteTeam "1960-69"]
[BlackTeam "SLOVAKIA"]

1. e4 {[%clk 1:30:59]} c5 {[%clk 1:30:47]} 2. c3 {[%clk 1:31:20]} Nf6
{[%clk 1:30:52]} 3. e5 {[%clk 1:31:15]} Nd5 {[%clk 1:31:10]} 4. Bc4
{[%clk 1:31:13]} Nb6 {[%clk 1:30:36]} 5. Bb3 {[%clk 1:31:40]} c4 {[%clk 1:30:11]}
6. Bc2 {[%clk 1:32:06]} Nc6 {[%clk 1:30:31]} 7. Nf3 {[%clk 1:31:58]} d6
{[%clk 1:30:30]} 8. exd6 {[%clk 1:31:54]} Qxd6 {[%clk 1:30:39]} 9. O-O
{[%clk 1:29:48]} Bg4 {[%clk 1:30:34]} 10. h3 {[%clk 1:27:43]} Bh5
{[%clk 1:29:53]} 11. b3 {[%clk 1:25:52]} e6 {[%clk 1:17:33]} 12. bxc4
{[%clk 1:22:47]} Nxc4 {[%clk 1:14:49]} 13. d4 {[%clk 1:22:58]} Be7
{[%clk 1:12:38]} 14. Qe2 {[%clk 1:20:52]} Nb6 {[%clk 1:07:39]} 15. Nbd2
{[%clk 1:14:55]} O-O {[%clk 1:00:51]} 16. Ne4 {[%clk 1:10:02]} Qc7
{[%clk 0:56:32]} 17. Neg5 {[%clk 1:02:41]} Bxg5 {[%clk 0:51:07]} 18. Bxg5
{[%clk 1:02:43]} Nd5 {[%clk 0:33:48]} 19. g4 {[%clk 0:45:13]} Bg6
{[%clk 0:33:33]} 20. Bxg6 {[%clk 0:44:09]} fxg6 {[%clk 0:29:57]} 21. Qxe6+
{[%clk 0:40:02]} Qf7 {[%clk 0:30:21]} 22. Qxf7+ {[%clk 0:39:41]} Rxf7
{[%clk 0:30:37]} 23. Ne5 {[%clk 0:39:31]} Nxe5 {[%clk 0:29:55]} 24. dxe5
{[%clk 0:39:30]} Re8 {[%clk 0:25:31]} 25. Rfe1 {[%clk 0:34:57]} h6
{[%clk 0:24:06]} 26. c4 {[%clk 0:33:40]} Nb6 {[%clk 0:21:25]} 27. Be3
{[%clk 0:25:06]} Nxc4 {[%clk 0:09:42]} 28. Bxa7 {[%clk 0:25:33]} b6
{[%clk 0:09:42]} 29. Rec1 {[%clk 0:25:35]} Rxa7 {[%clk 0:09:46]} 30. Rxc4
{[%clk 0:26:00]} Rxe5 {[%clk 0:09:59]} 31. Rc6 {[%clk 0:25:51]} g5
{[%clk 0:07:55]} 32. Rxb6 {[%clk 0:24:47]} Re2 {[%clk 0:07:59]}  1/2-1/2

[Event "European Senior Team Championship 2021"]
[Site "Don Giovanni hotel, Vinohradska 2733, Prague, Czech Republic"]
[Date "2021.09.04"]
[Round "6"]
[Board "2"]
[White "Mrva, Martin"]
[Black "Sorm, Daniel"]
[Result "0-1"]
[WhiteElo "2387"]
[BlackElo "2350"]
[PlyCount "0"]
[EventDate "2021.08.30"]
[EventType "team"]
[EventRounds "9"]
[EventCountry "ECX"]
[WhiteTeam "SLOVAKIA"]
[BlackTeam "1960-69"]

1. c4 {[%clk 1:30:55]} e5 {[%clk 1:27:50]} 2. g3 {[%clk 1:30:01]} d6
{[%clk 1:25:11]} 3. Bg2 {[%clk 1:30:10]} f5 {[%clk 1:25:20]} 4. Nc3
{[%clk 1:28:45]} Nf6 {[%clk 1:25:31]} 5. d3 {[%clk 1:27:23]} Be7 {[%clk 1:20:52]}
6. b4 {[%clk 1:27:05]} O-O {[%clk 1:20:36]} 7. Rb1 {[%clk 1:25:25]} Nbd7
{[%clk 1:09:56]} 8. Nf3 {[%clk 1:21:47]} Qe8 {[%clk 1:07:19]} 9. a4
{[%clk 0:55:57]} h6 {[%clk 0:59:31]} 10. a5 {[%clk 0:50:35]} a6 {[%clk 0:59:29]}
11. e4 {[%clk 0:29:45]} f4 {[%clk 0:50:36]} 12. gxf4 {[%clk 0:24:12]} exf4
{[%clk 0:50:54]} 13. Qe2 {[%clk 0:19:28]} g5 {[%clk 0:45:39]} 14. Nd4
{[%clk 0:18:50]} Ne5 {[%clk 0:45:19]} 15. Nf5 {[%clk 0:18:12]} d5
{[%clk 0:25:07]} 16. Nxh6+ {[%clk 0:09:44]} Kg7 {[%clk 0:19:30]} 17. h4
{[%clk 0:10:03]} f3 {[%clk 0:17:33]} 18. Bxf3 {[%clk 0:09:52]} Nxf3+
{[%clk 0:17:55]} 19. Qxf3 {[%clk 0:10:09]} Nxe4 {[%clk 0:18:00]} 20. Qxf8+
{[%clk 0:04:37]} Qxf8 {[%clk 0:11:03]} 21. Nxe4 {[%clk 0:04:09]} dxe4
{[%clk 0:10:33]} 22. hxg5 {[%clk 0:04:29]} Bxb4+ {[%clk 0:07:01]} 23. Kf1
{[%clk 0:04:30]} Qf3 {[%clk 0:07:07]}  0-1

[Event "European Senior Team Championship 2021"]
[Site "Don Giovanni hotel, Vinohradska 2733, Prague, Czech Republic"]
[Date "2021.09.04"]
[Round "6"]
[Board "3"]
[White "Michalek, Jan"]
[Black "Plachetka, Jan"]
[Result "1/2-1/2"]
[WhiteElo "2276"]
[BlackElo "2307"]
[PlyCount "0"]
[EventDate "2021.08.30"]
[EventType "team"]
[EventRounds "9"]
[EventCountry "ECX"]
[WhiteTeam "1960-69"]
[BlackTeam "SLOVAKIA"]

1. e4 {[%clk 1:30:56]} e5 {[%clk 1:29:36]} 2. Nf3 {[%clk 1:30:58]} Nc6
{[%clk 1:30:01]} 3. d4 {[%clk 1:30:51]} exd4 {[%clk 1:30:23]} 4. Nxd4
{[%clk 1:31:15]} Bc5 {[%clk 1:30:32]} 5. Nb3 {[%clk 1:31:24]} Bb4+
{[%clk 1:29:24]} 6. Bd2 {[%clk 1:27:53]} Bxd2+ {[%clk 1:22:04]} 7. Qxd2
{[%clk 1:28:07]} d6 {[%clk 1:22:05]} 8. Nc3 {[%clk 1:27:28]} Nf6 {[%clk 1:22:06]}
9. O-O-O {[%clk 1:27:08]} O-O {[%clk 1:20:25]} 10. f3 {[%clk 1:23:18]} Be6
{[%clk 1:19:09]} 11. g4 {[%clk 1:21:51]} a5 {[%clk 1:14:05]} 12. Nd4
{[%clk 1:01:13]} Nxd4 {[%clk 1:12:01]} 13. Qxd4 {[%clk 1:01:35]} Nd7
{[%clk 1:12:01]} 14. h4 {[%clk 0:57:57]} Qf6 {[%clk 1:01:19]} 15. Qe3
{[%clk 0:56:49]} Ne5 {[%clk 1:01:14]} 16. Be2 {[%clk 0:56:50]} Ng6
{[%clk 1:01:10]} 17. h5 {[%clk 0:50:57]} Qf4 {[%clk 0:59:49]} 18. Kd2
{[%clk 0:51:07]} Qxe3+ {[%clk 0:59:42]} 19. Kxe3 {[%clk 0:51:30]} Ne7
{[%clk 0:59:18]} 20. f4 {[%clk 0:48:51]} f6 {[%clk 0:57:14]} 21. a3
{[%clk 0:48:50]} Rfd8 {[%clk 0:54:08]} 22. Bf3 {[%clk 0:47:44]} Rab8
{[%clk 0:50:22]} 23. Nb5 {[%clk 0:40:36]} Rdc8 {[%clk 0:44:08]} 24. b3
{[%clk 0:36:05]} Bd7 {[%clk 0:40:49]} 25. Be2 {[%clk 0:32:55]} Kf8
{[%clk 0:36:03]} 26. a4 {[%clk 0:28:12]} Be6 {[%clk 0:32:04]} 27. Rd2
{[%clk 0:27:17]} Nc6 {[%clk 0:31:09]} 28. Bf3 {[%clk 0:26:41]} Nb4
{[%clk 0:30:17]} 29. Kf2 {[%clk 0:26:47]} Ke7 {[%clk 0:26:26]} 30. Kg3
{[%clk 0:26:35]} Na6 {[%clk 0:25:18]} 31. Rhd1 {[%clk 0:25:21]} Rd8
{[%clk 0:23:29]} 32. Bg2 {[%clk 0:20:53]} h6 {[%clk 0:22:23]} 33. Kf3
{[%clk 0:20:39]} Bd7 {[%clk 0:20:05]} 34. Na3 {[%clk 0:19:22]} Nc5
{[%clk 0:20:00]} 35. Nc4 {[%clk 0:19:11]} Bc6 {[%clk 0:19:38]} 36. Ke3
{[%clk 0:19:01]} Bd7 {[%clk 0:16:43]} 37. Bf3 {[%clk 0:19:20]} b6
{[%clk 0:15:28]} 38. Kf2 {[%clk 0:18:27]} Be6 {[%clk 0:15:22]} 39. Ne3
{[%clk 0:14:49]}  1/2-1/2

[Event "European Senior Team Championship 2021"]
[Site "Don Giovanni hotel, Vinohradska 2733, Prague, Czech Republic"]
[Date "2021.09.04"]
[Round "6"]
[Board "4"]
[White "Motuz, Karol"]
[Black "Priehoda, Vitezslav"]
[Result "1-0"]
[WhiteElo "2323"]
[BlackElo "2269"]
[PlyCount "0"]
[EventDate "2021.08.30"]
[EventType "team"]
[EventRounds "9"]
[EventCountry "ECX"]
[WhiteTeam "SLOVAKIA"]
[BlackTeam "1960-69"]

1. c4 {[%clk 1:30:20]} Nf6 {[%clk 1:30:36]} 2. Nc3 {[%clk 1:29:50]} e5
{[%clk 1:29:52]} 3. g3 {[%clk 1:29:00]} d6 {[%clk 1:27:39]} 4. Bg2
{[%clk 1:29:08]} c6 {[%clk 1:27:51]} 5. Nf3 {[%clk 1:28:08]} h6 {[%clk 1:23:45]}
6. O-O {[%clk 1:26:11]} Bf5 {[%clk 1:10:25]} 7. Re1 {[%clk 1:18:49]} Nbd7
{[%clk 1:03:54]} 8. e4 {[%clk 1:17:04]} Bh7 {[%clk 1:04:08]} 9. d4
{[%clk 1:15:50]} Be7 {[%clk 1:04:32]} 10. b3 {[%clk 1:09:41]} O-O
{[%clk 1:04:18]} 11. Bb2 {[%clk 1:09:59]} Re8 {[%clk 1:02:55]} 12. Qd2
{[%clk 1:03:57]} Bf8 {[%clk 1:00:23]} 13. Rad1 {[%clk 1:03:27]} Qb6
{[%clk 0:49:26]} 14. c5 {[%clk 0:55:36]} Qc7 {[%clk 0:38:05]} 15. cxd6
{[%clk 0:54:22]} Qxd6 {[%clk 0:38:33]} 16. dxe5 {[%clk 0:49:57]} Qxd2
{[%clk 0:38:55]} 17. Rxd2 {[%clk 0:50:17]} Nxe5 {[%clk 0:39:21]} 18. Nxe5
{[%clk 0:48:06]} Rxe5 {[%clk 0:39:49]} 19. f3 {[%clk 0:38:16]} Ree8
{[%clk 0:36:59]} 20. Red1 {[%clk 0:37:04]} Bb4 {[%clk 0:31:48]} 21. Bf1
{[%clk 0:33:42]} Ba5 {[%clk 0:29:06]} 22. Rd3 {[%clk 0:29:24]} Red8
{[%clk 0:20:03]} 23. Bh3 {[%clk 0:26:24]} Kf8 {[%clk 0:13:11]} 24. Rxd8+
{[%clk 0:24:42]} Rxd8 {[%clk 0:13:37]} 25. Rxd8+ {[%clk 0:24:19]} Bxd8
{[%clk 0:14:06]} 26. Bc8 {[%clk 0:24:18]} b6 {[%clk 0:07:41]} 27. Bb7
{[%clk 0:22:07]} c5 {[%clk 0:08:02]} 28. Nb5 {[%clk 0:19:07]} a5 {[%clk 0:08:05]}
29. Kf2 {[%clk 0:15:01]} Ne8 {[%clk 0:05:34]} 30. g4 {[%clk 0:09:32]} f6
{[%clk 0:05:46]} 31. Bd5 {[%clk 0:09:07]} Nc7 {[%clk 0:05:57]} 32. Nxc7
{[%clk 0:07:23]} Bxc7 {[%clk 0:06:25]} 33. h4 {[%clk 0:07:22]} Bg6
{[%clk 0:05:12]} 34. a4 {[%clk 0:06:08]} Bf4 {[%clk 0:04:43]} 35. h5
{[%clk 0:05:04]} Be8 {[%clk 0:04:59]} 36. Bc4 {[%clk 0:05:19]} Ke7
{[%clk 0:05:15]} 37. Ke2 {[%clk 0:05:27]} g6 {[%clk 0:05:13]} 38. hxg6
{[%clk 0:05:22]} Bxg6 {[%clk 0:05:41]} 39. Bc3 {[%clk 0:04:23]} h5
{[%clk 0:05:44]} 40. gxh5 {[%clk 0:04:43]} Bxh5 {[%clk 0:06:12]} 41. Kf2
{[%clk 0:04:36]} Be8 {[%clk 0:05:36]} 42. Kf1 {[%clk 0:01:20]} Bg6
{[%clk 0:27:50]} 43. Ke1 {[%clk 0:30:32]} Bh5 {[%clk 0:19:41]} 44. Ke2
{[%clk 0:30:52]} Be5 {[%clk 0:18:57]} 45. Bd2 {[%clk 0:25:28]} Bd4
{[%clk 0:16:52]} 46. Be3 {[%clk 0:24:08]} Kd6 {[%clk 0:10:39]} 47. Bf4+
{[%clk 0:23:50]} Be5 {[%clk 0:11:04]} 48. Bh6 {[%clk 0:22:59]} Ke7
{[%clk 0:11:09]} 49. Kf2 {[%clk 0:23:01]} Bd4+ {[%clk 0:08:24]} 50. Kg3
{[%clk 0:22:39]} Be5+ {[%clk 0:07:37]} 51. f4 {[%clk 0:21:35]} Bd4
{[%clk 0:07:52]} 52. Bg7 {[%clk 0:20:23]} Bg6 {[%clk 0:06:37]} 53. e5
{[%clk 0:20:04]} fxe5 {[%clk 0:07:04]} 54. fxe5 {[%clk 0:19:27]} Bf5
{[%clk 0:05:07]} 55. Kf4 {[%clk 0:18:37]} Be6 {[%clk 0:05:31]} 56. Bf6+
{[%clk 0:18:20]} Kd7 {[%clk 0:05:53]} 57. Ke4 {[%clk 0:17:00]} Bxc4
{[%clk 0:04:53]} 58. bxc4 {[%clk 0:17:26]} Ke6 {[%clk 0:05:19]} 59. Bd8
{[%clk 0:16:36]} Bxe5 {[%clk 0:05:44]} 60. Bxb6 {[%clk 0:17:02]} Bd4
{[%clk 0:04:02]} 61. Bxa5 {[%clk 0:16:41]} Kd6 {[%clk 0:04:27]} 62. Kf5
{[%clk 0:14:11]} Bb2 {[%clk 0:03:22]} 63. Bb6 {[%clk 0:13:25]} Bc3
{[%clk 0:03:19]} 64. a5 {[%clk 0:12:27]} Kc6 {[%clk 0:02:43]} 65. Ke6
{[%clk 0:12:51]} Bb4 {[%clk 0:01:13]} 66. Bd8 {[%clk 0:13:10]} Kb7
{[%clk 0:00:50]} 67. Kd6 {[%clk 0:09:29]} Ba3 {[%clk 0:00:59]} 68. Bb6
{[%clk 0:09:16]} Bb4 {[%clk 0:01:24]} 69. Kd5 {[%clk 0:09:27]} Be1
{[%clk 0:00:35]} 70. Kxc5 {[%clk 0:09:07]} Bg3 {[%clk 0:00:54]} 71. Kb5
{[%clk 0:09:19]} Bd6 {[%clk 0:01:10]} 72. Bc5 {[%clk 0:07:48]} Be5
{[%clk 0:01:18]} 73. a6+ {[%clk 0:08:06]} Ka8 {[%clk 0:01:44]} 74. Kc6
{[%clk 0:08:17]} Bf4 {[%clk 0:02:04]} 75. Kd7 {[%clk 0:07:21]} Bg3
{[%clk 0:02:20]} 76. Bd4 {[%clk 0:07:21]} Bf4 {[%clk 0:01:55]} 77. c5
{[%clk 0:06:52]} Bd2 {[%clk 0:00:49]} 78. c6 {[%clk 0:07:11]} Ba5
{[%clk 0:01:03]} 79. Bf6 {[%clk 0:06:41]}  1-0

[Event "European Senior Team Championship 2021"]
[Site "Don Giovanni hotel, Vinohradska 2733, Prague, Czech Republic"]
[Date "2021.09.04"]
[Round "6"]
[Board "1"]
[White "Nemec, Pavel"]
[Black "Papacek, Stepan"]
[Result "1/2-1/2"]
[WhiteElo "2213"]
[BlackElo "2256"]
[PlyCount "0"]
[EventDate "2021.08.30"]
[EventType "team"]
[EventRounds "9"]
[EventCountry "ECX"]
[WhiteTeam "SK BOHEMIA PARDUBICE"]
[BlackTeam "SK SLAVOJ LITOMERICE"]

1. e4 {[%clk 1:30:57]} c5 {[%clk 1:30:52]} 2. Nf3 {[%clk 1:31:20]} d6
{[%clk 1:30:59]} 3. d4 {[%clk 1:31:24]} cxd4 {[%clk 1:31:20]} 4. Nxd4
{[%clk 1:31:51]} Nf6 {[%clk 1:31:41]} 5. Nc3 {[%clk 1:32:17]} Nc6
{[%clk 1:31:57]} 6. Be2 {[%clk 1:32:25]} g6 {[%clk 1:30:46]} 7. Be3
{[%clk 1:32:11]} Bg7 {[%clk 1:31:08]} 8. O-O {[%clk 1:30:22]} O-O
{[%clk 1:31:25]} 9. Kh1 {[%clk 1:28:58]} d5 {[%clk 1:26:58]} 10. Nxc6
{[%clk 1:24:28]} bxc6 {[%clk 1:27:05]} 11. e5 {[%clk 1:13:45]} Ne8
{[%clk 1:23:26]} 12. f4 {[%clk 1:13:47]} Nc7 {[%clk 1:22:28]} 13. Na4
{[%clk 1:13:31]} f6 {[%clk 1:21:12]} 14. exf6 {[%clk 1:13:25]} Bxf6
{[%clk 1:21:17]} 15. c3 {[%clk 1:10:14]} e5 {[%clk 1:13:04]} 16. fxe5
{[%clk 1:07:34]} Bxe5 {[%clk 1:13:26]} 17. Rxf8+ {[%clk 1:07:49]} Qxf8
{[%clk 1:13:43]} 18. Qg1 {[%clk 1:08:04]} Bf5 {[%clk 1:10:58]} 19. Bf3
{[%clk 1:05:26]} Qf6 {[%clk 1:04:19]}  1/2-1/2